LEADER 01008nam0 2200277 450 001 000006419 005 20060120112317.0 010 $a88-464-6579-2 100 $a20060120d2005----km-y0itay50------ba 101 0 $aita 102 $aIT 105 $ay-------001yy 200 1 $a<>informazione etico-sociale nella comunicazione d'impresa$fConcetta Carnevale 210 $aMilano$cFranco Angeli$dc2005 215 $aXV, 199 p.$d23 cm 225 2 $aEconomia aziendale$iSerie scientifica$fUniversità degli studi della Calabria 410 0$12001$aEconomia aziendale. Serie scientifica$fUniversità degli studi della Calabria 610 1 $aComunicazione aziendale 610 1 $aImpresa$aAmministrazione$aPubblicità 676 $a658.1512$v20 700 1$aCarnevale,$bConcetta$0330147 801 0$aIT$bUNIPARTHENOPE$c20060120$gRICA$2UNIMARC 912 $a000006419 951 $a658-I/44$b38281$cNAVA1$d2006 996 $aInformazione etico-sociale nella comunicazione d'impresa$9743320 997 $aUNIPARTHENOPE LEADER 01093nam0 22003133i 450 001 UFI0064488 005 20231121125904.0 010 $a0471503525 010 $a047161243X 100 $a20141021d1989 ||||0itac50 ba 101 | $aeng 102 $aus 181 1$6z01$ai $bxxxe 182 1$6z01$an 200 1 $aRobot dynamics and control$fMark W. Spong, M. Vidyasagar 210 $aNew York [etc.]$cJ. Wiley$d©1989 215 $aXVI, 336 p.$cill.$d24 cm 606 $aRobotica$2FIR$3RMLC377829$9I 676 $a629.892$9$v21 700 1$aSpong$b, Mark W.$3AQ1V001439$4070$08076 701 1$aVidyasagar$b, Mathukumalli$f <1947- >$3MILV039034$4070$08077 801 3$aIT$bIT-01$c20141021 850 $aIT-FR0099 899 $aBiblioteca Area Ingegneristica$bFR0099 912 $aUFI0064488 950 0$aBiblioteca Area Ingegneristica$d 54DII 629.8 SPO$e 54VM 0000429495 VM barcode:BAIN003814. - Inventario:1379DVM$fA $h20040416$i20121204 977 $a 54 996 $aRobot dynamics and Control$9333918 997 $aUNICAS